| 000 | 01116aam a2200325 4500 | ||
|---|---|---|---|
| 999 |
_c46382 _d46382 |
||
| 001 | 768714001 | ||
| 003 | CO-MdFUSB | ||
| 005 | 20201105114737.0 | ||
| 007 | ta | ||
| 008 | 200522t1912 enka|||| |||| 00| 0 eng d | ||
| 020 | _a[No incluye ISBN] | ||
| 040 |
_bspa. _aCO-MdFUSB _cCO-MdFUSB _dCO-MdFUSBC _erda |
||
| 041 | _aeng | ||
| 082 |
_223 _a227.307 _bM551 |
||
| 100 |
_aMenzies, Allan, _eautor |
||
| 245 | 1 | 4 |
_aThe second epistle of the apostle Paul to the Corinthians : _bintroduction, text, english translation and notes _c/ Allan Menzies |
| 264 | 1 |
_aLondres : _bMacmillan Publishing, _c[1912] |
|
| 264 | 4 | _c© 1912 | |
| 300 |
_alviii, 111 páginas _c; 23 cm |
||
| 336 |
_atexto _btxt _2rdacontent |
||
| 337 |
_2rdamedia _asin mediación _bn |
||
| 338 |
_2rdacarrier _avolumen _bnc |
||
| 490 | _aATLA monograph preservation program, | ||
| 505 | _aIntroducción a la segunda epístola de Pablo a los Corintios - Texto, traducción y notas | ||
| 563 | _aPasta dura | ||
| 630 | 7 |
_aBiblia. _pCorintios, 2ª _xCrítica, interpretación, etc. |
|
| 942 | _cBK | ||
| 945 | _aJTF-925 | ||